00525nam a22001937a 450000500170000000600190001700700030003600800410003901000220008002000100010203500130011203700130012508200080013810000240014624500630017026000260023327000420025930000300030120181218121217.0a|||||f|||| 00| 0 tc180720b xxu||||| |||| 00| 0 eng d aB-079112-B-079113 c30.00 aB-079112 bA.I.C.B. a480 aSahoo, Sandhya Rani aMosaic or Life supplementary Readercby Sandhya Rani Sahoo aDelhibA.C.I.B.cN.D. aSector-5, Rohini, bNew Delhie110085 avarious pages.c30cm(HB).